000 00488nam a2200169 4500
008 0 1995 0a 000 0Esp
020 _a84-291-4169-3
050 _aTJ265 M6718
082 _a536.7 M449f
100 _aMoran, M.J.
245 _aFundamentos de Termodin mica Técnica. T.2 / M.J.Moran, H.N.Shapiro
260 _aBarcelona : Reverte
300 _a943p. T.2 / 25cm.
500 _aIncluye Indice alfabetico
650 _a1. TERMODINAMICA
700 _aShapiro,H.N.
999 _c21585
_d21585